Т. 1: Описание Камчатки. Ч. 1-2. Описание земли Камчатки, сочиненное Степаном Крашенинниковым, Академии наук профессором; Полное собрание ученых путешествий по России, издаваемое Императорскою Академиею наук, по предложению ея президента. С примечаниями, изъяснениями и дополнениями

Detalles Bibliográficos
Parent link:Полное собрание ученых путешествий по России, издаваемое Императорскою Академиею наук, по предложению ея президента. С примечаниями, изъяснениями и дополнениями. Т. 1: Описание Камчатки. Ч. 1-2. Описание земли Камчатки, сочиненное Степаном Крашенинниковым, Академии наук профессором.— .— В Санктпетербурге: При Императорской Академии наук, 1818-1825
Autor principal: Крашенинников С. П. Степан Петрович
Sumario:Текст в русской дореформенной орфографии
На дом не выдается
Not_Home
Lenguaje:ruso
Publicado: 1818
Materias:
Formato: MixedMaterials Libro
KOHA link:https://koha.lib.tpu.ru/cgi-bin/koha/opac-detail.pl?biblionumber=350329

MARC

LEADER 00000nam2a2200000 4500
001 350329
005 20260421120409.0
035 |a (RuTPU)RU\TPU\retro\4244 
090 |a 350329 
100 |a 20190115d1818 k y0rusy50 ca 
101 0 |a rus 
102 |a RU 
105 |a y z 000zy 
140 |a by y zz lgybb1000  
141 |a bf b0cc  
200 0 |a Т. 1: Описание Камчатки. Ч. 1-2. Описание земли Камчатки, сочиненное Степаном Крашенинниковым, Академии наук профессором 
210 |d 1818 
215 |a XXXIV, 493, [2] с. 
300 |a Текст в русской дореформенной орфографии 
300 |a На дом не выдается 
316 |5 63413507: 71//22  |a На форзаце экслибрис Библиотеки С. Н. Кулибина 
316 |5 63413507: 71//22  |a На форзаце экслибрис Библиотеки ТТИ 
317 |5 63413507: 71//22  |a Поступил в НТБ в 1900 г. в составе книжного собрания С. Н. Кулибина 
320 |a Постраничные комментарии 
371 0 |a Not_Home 
461 1 |0 350328  |9 350328  |t Полное собрание ученых путешествий по России, издаваемое Императорскою Академиею наук, по предложению ея президента. С примечаниями, изъяснениями и дополнениями  |v Т. 1: Описание Камчатки. Ч. 1-2. Описание земли Камчатки, сочиненное Степаном Крашенинниковым, Академии наук профессором  |d 1818-1825  |c В Санктпетербурге  |n При Императорской Академии наук 
606 1 |a Путешествия  |2 stltpush  |3 (RuTPU)RU\TPU\subj\53234  |9 71554 
610 1 |a книжные памятники 
610 1 |a описания 
610 1 |a Россия 
610 1 |a Камчатка 
610 1 |a реки 
610 1 |a Курильские острова 
610 1 |a горячие ключи 
610 1 |a металлы 
610 1 |a минералы 
610 1 |a животный мир 
610 1 |a птицы 
610 1 |a народы Севера 
610 1 |a владельческие знаки 
610 1 |a Библиотека Кулибиных 
610 1 |a редкие книги 
675 |a 910.4  |v 3 
700 1 |a Крашенинников  |b С. П.  |c путешественник  |c исследователь Сибири и Камчатки  |c академик Петербургской Академии наук (1750)  |f 1711-1755  |g Степан Петрович  |9 2869 
801 0 |a RU  |b 63413507  |c 20011210  |g PSBO 
801 2 |a RU  |b 63413507  |c 20210628  |g PSBO 
942 |c BK